| 000 | 00634nam a2200217 u 4500 | ||
|---|---|---|---|
| 005 | 20241012064030.0 | ||
| 008 | 100524s2008 es r 000 0 spa d | ||
| 020 | _a9788497165266 | ||
| 035 | _aUPN01000176082 | ||
| 049 | _aCG | ||
| 050 | 4 |
_aQ164 _bT5.2 |
|
| 100 | 1 | _aTit, Tom | |
| 245 | 1 | 3 |
_aLa ciencia divertida / _cTom Tit ; pról. Luis Bettonica ; tr. Jordi Quingles. |
| 260 |
_aBarcelona, Esp. : _bJosé J. de Olañeta, _c2008. |
||
| 300 |
_a126 p. : _bil. |
||
| 650 | 4 |
_aCIENCIA RECREATIVA _94153 |
|
| 650 | 4 |
_aEXPERIMENTOS EDUCATIVOS _95899 |
|
| 650 | 4 |
_aJuegos educativos _93952 |
|
| 905 | _aLibro | ||
| 999 |
_c148185 _d148185 |
||